| 000 | 00465nam a2200181Ia 4500 | ||
|---|---|---|---|
| 001 | 9974 | ||
| 005 | 20260306161757.0 | ||
| 008 | 260306t1999||||xx |||||||||||||| ||spa|| | ||
| 041 | _aESP | ||
| 082 |
_aPE 869.56 _bG72 |
||
| 100 |
_aRicardo Gonzales Vigil _eAUT |
||
| 245 | 0 |
_aPoesía Peruana Siglo XX: _bde los años 60 a nuestros días |
|
| 260 | _c1999 | ||
| 300 |
_a780 páginas : T. 2 _c20 cm. |
||
| 650 | _aGEN | ||
| 654 | _aCHU | ||
| 942 |
_cLIB _dJUS _fJUS _2ddc _n |
||
| 999 |
_c9974 _d9974 |
||